Normal view MARC view
  • Afghanistan

Entry Geographic Name

Number of records used in: 6

001 - CONTROL NUMBER

  • control field: 3932

003 - CONTROL NUMBER IDENTIFIER

  • control field: NUST

005 - DATE AND TIME OF LATEST TRANSACTION

  • control field: 20170817104430.0

008 - FIXED-LENGTH DATA ELEMENTS

  • fixed length control field: 170817|| aca||aabn | a|a d

040 ## - CATALOGING SOURCE

  • Original cataloging agency: NUST
  • Transcribing agency: NUST

151 ## - HEADING--GEOGRAPHIC NAME

  • Geographic name: Afghanistan
  • General subdivision: Boundaries
  • Geographic subdivision: Pakistan.

670 ## - SOURCE DATA FOUND

  • Source citation: Work cat.: (NUST)0: Oliver, Edward Emmerson. 3929, Across the border :, 2000.
© 2023 Central Library, National University of Sciences and Technology. All Rights Reserved.